00650 a2200193 4500001000700000040002200007041001600029082002400045100002800069245004400097260004500141300000800186362001600194500006700210697005200277942000700329952010100336999001900437143749 cLeonardo Da Vinci aPortuguês a891.73 D763mbD763m aDOSTOIÉVSKI, Fiódor aOs melhores contos de F. Dostoiéviski bCírculo do livroc[19--?]aSão Paulo a271 a[19--?0000] aTradução, seleção e introdução de Ruth Guimarães aLiteratura RussaaFicçãoaRomanceaRússia cBK 00104070a73.1b73.1d2024-03-27l0o891.73 D763mpG00270r2024-03-27 22:48:28w2024-03-27yBK c143749d143749